[Event "Bad Woerishofen Seniors op 30th"]
[Site "Bad Woerishofen"]
[Date "2014.03.29"]
[Round "9"]
[White "Hommann, Horst"]
[Black "Narr, Irmgard"]
[Result "1-0"]
[WhiteElo "1843"]
[BlackElo "1761"]
[PlyCount "89"]
[EventDate "2014.03.21"]
[EventType "swiss"]
[EventRounds "9"]
[EventCountry "GER"]
[SourceTitle "EXT 2019"]
[Source "ChessBase"]
[SourceDate "2018.10.10"]
[SourceVersion "1"]
[SourceVersionDate "2018.10.10"]
[SourceQuality "1"]

1. c4 Nf6 2. Nf3 b6 3. g3 Bb7 4. Bg2 e6 5. Nc3 Be7 6. d4 d6 7. Qc2 Nbd7 8. 0-0 Rb8 9. e4 0-0 10. Bf4 Nh5 11. Be3 Nhf6 12. h3 c5 13. d5 e5 14. Nh2 Re8 15. f4 a6 16. a4 Bc8 17. Bf3 Nf8 18. f5 N6d7 19. Qd2 Rb7 20. Kh1 Nf6 21. Rg1 Bd7 22. g4 Kh8 23. Qg2 g6 24. g5 Nh5 25. Bxh5 gxh5 26. f6 Ng6 27. fxe7 Qxe7 28. Qf3 h4 29. Ng4 Bxg4 30. Rxg4 Qd7 31. Rf1 Rf8 32. Qf5 Qc7 33. Bf2 b5 34. axb5 Qa5 35. Qf6+ Kg8 36. Bxh4 Rb6 37. Bg3 Qb4 38. h4 Qxc4 39. h5 Nf4 40. Rfxf4 exf4 41. Rxf4 axb5 42. h6 Qd4 43. Rf5 b4 44. e5 Qxe5 45. Bxe5 1-0

[Event "Bad Woerishofen Seniors op 30th"]
[Site "Bad Woerishofen"]
[Date "2014.03.26"]
[Round "6"]
[White "Gulinelli, Euro"]
[Black "Hommann, Horst"]
[Result "1-0"]
[WhiteElo "1579"]
[BlackElo "1843"]
[PlyCount "79"]
[EventDate "2014.03.21"]
[EventType "swiss"]
[EventRounds "9"]
[EventCountry "GER"]
[SourceTitle "EXT 2019"]
[Source "ChessBase"]
[SourceDate "2018.10.10"]
[SourceVersion "1"]
[SourceVersionDate "2018.10.10"]
[SourceQuality "1"]

1. e4 g6 2. d4 Bg7 3. Nf3 d6 4. Be3 Nf6 5. Nc3 c6 6. h3 Qc7 7. Qd2 e5 8. dxe5 dxe5 9. Bc5 Bf8 10. Bxf8 Rxf8 11. Qg5 Nbd7 12. 0-0-0 b5 13. Nxb5 cxb5 14. Bxb5 Nxe4 15. Qe3 f5 16. Rd5 Ke7 17. Rhd1 Rd8 18. Qh6 Nd6 19. Qxh7+ Nf7 20. Ng5 Rf8 21. Bxd7 Bxd7 22. Nxf7 Be6 23. Nxe5+ Rf7 24. Nxf7 Qf4+ 25. Kb1 Bxd5 26. Rxd5 Qxf2 27. Nd8+ Kf6 28. Qf7+ Kg5 29. Ne6+ Kh4 30. Qf6+ Kg3 31. Qg5+ Kh2 32. Qf4+ Qxf4 33. Nxf4 g5 34. Rxf5 gxf4 35. Rxf4 Kxg2 36. h4 Kg3 37. Rd4 Rh8 38. b3 Kf3 39. Kb2 Ke3 40. Rc4 1-0

[Event "Bad Woerishofen Seniors op 30th"]
[Site "Bad Woerishofen"]
[Date "2014.03.24"]
[Round "4"]
[White "Haakert, Karl"]
[Black "Hommann, Horst"]
[Result "1/2-1/2"]
[WhiteElo "1943"]
[BlackElo "1843"]
[PlyCount "21"]
[EventDate "2014.03.21"]
[EventType "swiss"]
[EventRounds "9"]
[EventCountry "GER"]
[SourceTitle "EXT 2019"]
[Source "ChessBase"]
[SourceDate "2018.10.10"]
[SourceVersion "1"]
[SourceVersionDate "2018.10.10"]
[SourceQuality "1"]

1. e4 g6 2. d4 d6 3. c4 Bg7 4. Nc3 Nc6 5. Be3 e5 6. d5 Nd4 7. Bd3 c5 8. dxc6 bxc6 9. Nge2 Bg4 10. Qd2 Nf6 11. Bxd4 1/2-1/2

[Event "Bad Woerishofen Seniors op 30th"]
[Site "Bad Woerishofen"]
[Date "2014.03.22"]
[Round "2"]
[White "Thiel, Harry"]
[Black "Hommann, Horst"]
[Result "0-1"]
[WhiteElo "1752"]
[BlackElo "1843"]
[PlyCount "120"]
[EventDate "2014.03.21"]
[EventType "swiss"]
[EventRounds "9"]
[EventCountry "GER"]
[SourceTitle "EXT 2019"]
[Source "ChessBase"]
[SourceDate "2018.10.10"]
[SourceVersion "1"]
[SourceVersionDate "2018.10.10"]
[SourceQuality "1"]

1. e4 c6 2. d4 d5 3. Nc3 dxe4 4. Nxe4 Bf5 5. Ng3 Bg6 6. Nf3 Nf6 7. Bd3 Bxd3 8. Qxd3 e6 9. Bg5 Nbd7 10. 0-0 Be7 11. c4 0-0 12. Rad1 Qc7 13. Rfe1 h6 14. Bd2 Rfe8 15. Bc3 Rad8 16. Qc2 b6 17. Ne5 Nxe5 18. dxe5 Rxd1 19. Qxd1 Rd8 20. Qc2 Nh7 21. f4 Qd7 22. Ne4 f5 23. exf6 gxf6 24. b3 f5 25. Nf2 Bc5 26. Kh1 Bxf2 27. Qxf2 Qd3 28. Qg3+ Qxg3 29. hxg3 Kf7 30. Kh2 Rd3 31. Be5 Rd2 32. a4 Nf8 33. Kh3 Nd7 34. Bh8 Nc5 35. b4 Nd3 36. Rb1 Nf2+ 37. Kh4 Kg6 38. Rb2 Rd1 39. g4 Nxg4 40. Kg3 Rd3+ 41. Kh4 Kh7 42. Be5 Nxe5 43. fxe5 Rd4+ 44. Kh5 Rxc4 45. Rd2 Rxb4 46. Rd7+ Kg8 47. Kg6 Kf8 48. Rxa7 Rd4 49. Kf6 Ke8 50. Kxe6 Kd8 51. Kxf5 Rd7 52. Rxd7+ Kxd7 53. g4 c5 54. Kf6 Ke8 55. Kg6 c4 56. Kxh6 c3 57. g5 c2 58. g6 c1Q+ 59. Kh7 Qh1+ 60. Kg7 Qb7+ 0-1

[Event "GER-ch Seniors 23rd"]
[Site "Halle"]
[Date "2011.08.10"]
[Round "6"]
[White "Hommann, Horst"]
[Black "Luebbers, Doris"]
[Result "1-0"]
[WhiteElo "1873"]
[BlackElo "1577"]
[PlyCount "117"]
[EventDate "2011.08.05"]
[EventType "swiss"]
[EventRounds "9"]
[EventCountry "GER"]
[SourceTitle "CBM 144 Extra"]
[Source "ChessBase"]
[SourceDate "2011.10.28"]
[SourceVersion "1"]
[SourceVersionDate "2011.10.28"]
[SourceQuality "1"]

1. Nf3 d5 2. d4 Nf6 3. c4 c6 4. e3 e6 5. Nc3 a6 6. a3 c5 7. dxc5 Bxc5 8. b4 Be7 9. Bb2 0-0 10. Be2 b6 11. 0-0 Bb7 12. cxd5 Nxd5 13. Nxd5 Bxd5 14. Rc1 b5 15. Nd2 Nd7 16. Bf3 Bxf3 17. Nxf3 Rc8 18. Rc2 Rxc2 19. Qxc2 Qc8 20. Rc1 Nb6 21. Nd2 Qxc2 22. Rxc2 Rc8 23. Rxc8+ Nxc8 24. Bd4 Kf8 25. Kf1 f6 26. Nb3 e5 27. Bc5 Ke8 28. Ke2 Kd7 29. Bxe7 Kxe7 30. Nc5 Nd6 31. Nxa6 Nc4 32. Kd3 Nxa3 33. e4 Kd6 34. Nc5 Nc4 35. Nb7+ Kd7 36. Kc3 Nd6 37. Nc5+ Ke7 38. f3 Nc4 39. Kd3 Nb2+ 40. Ke2 Nc4 41. g3 g6 42. f4 exf4 43. gxf4 h6 44. Kd3 Kd6 45. Nb3 Ke6 46. Nd4+ Kd7 47. Nxb5 Nb6 48. Kd4 Kc6 49. Nc3 Nc8 50. Nd5 Kb5 51. Kc3 Nd6 52. Nxf6 h5 53. h4 Kc6 54. Kd4 Kb5 55. Kd5 Nf7 56. Ke6 Nh6 57. Nd5 Ng4 58. Kf7 Nf2 59. e5 1-0

[Event "Bad Woerishofen Seniors op 24th"]
[Site "Bad Woerishofen"]
[Date "2008.03.06"]
[Round "8"]
[White "Collins, Alan"]
[Black "Hommann, Horst"]
[Result "1/2-1/2"]
[WhiteElo "1771"]
[BlackElo "1734"]
[PlyCount "36"]
[EventDate "2008.02.28"]
[EventType "swiss"]
[EventRounds "9"]
[EventCountry "GER"]
[SourceTitle "EXT 2022"]
[Source "ChessBase"]
[SourceDate "2021.10.06"]
[SourceVersion "1"]
[SourceVersionDate "2021.10.06"]
[SourceQuality "1"]

1. d4 d5 2. c4 e6 3. Nc3 Nf6 4. cxd5 exd5 5. Bg5 Be7 6. e3 0-0 7. Bd3 b6 8. Nge2 Bb7 9. 0-0 Nbd7 10. Rc1 c5 11. h3 Ne4 12. Bf4 Ndf6 13. Bxe4 Nxe4 14. Nxe4 dxe4 15. a3 Ba6 16. Re1 Bxe2 17. Rxe2 cxd4 18. exd4 Qd5 1/2-1/2

[Event "Bad Woerishofen Seniors op 24th"]
[Site "Bad Woerishofen"]
[Date "2008.03.01"]
[Round "3"]
[White "Hommann, Horst"]
[Black "Aigner, Georg"]
[Result "0-1"]
[WhiteElo "1734"]
[BlackElo "1834"]
[PlyCount "102"]
[EventDate "2008.02.28"]
[EventType "swiss"]
[EventRounds "9"]
[EventCountry "GER"]
[SourceTitle "EXT 2022"]
[Source "ChessBase"]
[SourceDate "2021.10.06"]
[SourceVersion "1"]
[SourceVersionDate "2021.10.06"]
[SourceQuality "1"]

1. Nf3 d5 2. d4 Nf6 3. c4 e6 4. g3 c6 5. Bg2 dxc4 6. Ne5 Bb4+ 7. Bd2 Bxd2+ 8. Qxd2 0-0 9. Nc3 Nd5 10. Nxc4 Nd7 11. a4 N7b6 12. b3 Nxc3 13. Qxc3 Nd5 14. Qd2 Qe7 15. 0-0 Rd8 16. Rfd1 Qb4 17. Qxb4 Nxb4 18. e3 a5 19. Bf1 Nd5 20. Rac1 Bd7 21. Ne5 f6 22. Nxd7 Rxd7 23. Bc4 Kf7 24. Bxd5 Rxd5 25. Kf1 Rad8 26. Ke2 e5 27. dxe5 Rxd1 28. Rxd1 Rxd1 29. Kxd1 fxe5 30. e4 Ke6 31. Kd2 g5 32. h3 h5 33. Kd3 Kd6 34. Kc4 b6 35. f3 Kc7 36. b4 axb4 37. Kxb4 Kd6 38. Kc4 Kc7 39. Kb4 Kb7 40. Kc4 Kc8 41. Kb4 Kb7 42. Kc4 Kc7 43. Kb4 c5+ 44. Kb3 Kd6 45. Kc3 Kc6 46. Kc4 h4 47. g4 b5+ 48. axb5+ Kb6 49. Kc3 Kxb5 50. f4 exf4 51. e5 Kc6 0-1

[Event "Bad Woerishofen Seniors opA 22th"]
[Site "Bad Woerishofen"]
[Date "2006.03.23"]
[Round "7"]
[White "Schenk, Dieter"]
[Black "Hommann, Horst"]
[Result "1-0"]
[WhiteElo "1831"]
[BlackElo "1716"]
[PlyCount "91"]
[EventDate "2006.03.17"]
[EventType "swiss"]
[EventRounds "9"]
[EventCountry "GER"]
[SourceTitle "EXT 2022"]
[Source "ChessBase"]
[SourceDate "2021.10.06"]
[SourceVersion "1"]
[SourceVersionDate "2021.10.06"]
[SourceQuality "1"]

1. e4 c6 2. d4 d5 3. exd5 cxd5 4. c4 Nf6 5. Nc3 e6 6. c5 Nc6 7. Bf4 a6 8. a3 b6 9. b4 bxc5 10. bxc5 Qa5 11. Qd2 Be7 12. Nf3 Nh5 13. Be3 Nf6 14. Be2 0-0 15. 0-0 Ne4 16. Nxe4 dxe4 17. Qxa5 Nxa5 18. Ne5 f6 19. Nc4 Nxc4 20. Bxc4 Bd7 21. Rfb1 Kf7 22. Rb6 Bd8 23. Rxa6 Rxa6 24. Bxa6 Bc6 25. a4 Bc7 26. Bb5 Bd5 27. g3 Ra8 28. Kf1 g5 29. Bd2 h6 30. a5 Rb8 31. Be2 Rb2 32. Ke1 Ra2 33. Rxa2 Bxa2 34. a6 Bd5 35. Bb5 Ke7 36. Kd1 Ba8 37. Kc2 f5 38. Kb3 Kd8 39. c6 Bb6 40. Kc4 Kc7 41. d5 Bxf2 42. Ba5+ Kd6 43. Bb4+ Ke5 44. dxe6 Bxc6 45. Bxc6 Kxe6 46. Bc5 1-0

[Event "Bad Woerishofen Seniors op 21st"]
[Site "Bad Woerishofen"]
[Date "2005.03.10"]
[Round "8"]
[White "Gestrich, Wolfgang"]
[Black "Hommann, Horst"]
[Result "0-1"]
[WhiteElo "1442"]
[BlackElo "1609"]
[PlyCount "63"]
[EventDate "2005.03.03"]
[EventType "swiss"]
[EventRounds "9"]
[EventCountry "GER"]
[SourceTitle "EXT 2006"]
[Source "ChessBase"]
[SourceDate "2005.11.24"]
[SourceVersion "1"]
[SourceVersionDate "2005.11.24"]
[SourceQuality "1"]

1. c4 Nf6 2. Nc3 e5 3. g3 c6 4. Bg2 d6 5. e4 Be6 6. d3 Be7 7. Nge2 Na6 8. 0-0 Qd7 9. f3 Bh3 10. g4 Bxg2 11. Kxg2 h5 12. h3 hxg4 13. hxg4 Nxg4 14. Rh1 Nh6 15. Bxh6 Rxh6 16. Rxh6 gxh6 17. Qh1 Bg5 18. Ng3 0-0-0 19. a3 Nc5 20. Rd1 Ne6 21. Nf5 Rg8 22. Kf2 Rg6 23. b4 Nd4 24. Nxd4 exd4 25. Ne2 Be3+ 26. Kf1 Qe7 27. Qh3+ Kc7 28. Qh5 Rg5 29. Qh2 Qf6 30. Qh3 Qg6 31. Qh2 Rh5 32. Qg1 0-1

[Event "Bad Woerishofen Seniors op 21st"]
[Site "Bad Woerishofen"]
[Date "2005.03.07"]
[Round "5"]
[White "Hommann, Horst"]
[Black "Niebaum, Karl"]
[Result "1/2-1/2"]
[WhiteElo "1609"]
[BlackElo "1774"]
[PlyCount "42"]
[EventDate "2005.03.03"]
[EventType "swiss"]
[EventRounds "9"]
[EventCountry "GER"]
[SourceTitle "EXT 2006"]
[Source "ChessBase"]
[SourceDate "2005.11.24"]
[SourceVersion "1"]
[SourceVersionDate "2005.11.24"]
[SourceQuality "1"]

1. Nf3 d5 2. d4 Nf6 3. c4 e6 4. Nc3 Nbd7 5. e3 c6 6. cxd5 exd5 7. a3 Bd6 8. Bd3 0-0 9. 0-0 Re8 10. Re1 Ne4 11. Qc2 Ndf6 12. Bf1 Bg4 13. Be2 Bh5 14. Nd2 Bxh2+ 15. Kxh2 Ng4+ 16. Bxg4 Qh4+ 17. Bh3 Qxf2 18. Ncxe4 Qxe1 19. Ng3 Bg6 20. Nf3 Qxg3+ 21. Kxg3 Bxc2 1/2-1/2

[Event "Wch Seniors 14th"]
[Site "Halle"]
[Date "2004.11.05"]
[Round "11"]
[White "Fleischer, Martin"]
[Black "Hommann, Horst"]
[Result "1-0"]
[WhiteElo "1874"]
[BlackElo "1616"]
[PlyCount "187"]
[EventDate "2004.10.24"]
[EventType "swiss"]
[EventRounds "11"]
[EventCountry "GER"]
[SourceTitle "EXT 2005"]
[Source "ChessBase"]
[SourceDate "2004.11.15"]
[SourceVersion "1"]
[SourceVersionDate "2004.11.15"]
[SourceQuality "1"]

1. e4 c6 2. d4 d5 3. exd5 cxd5 4. Nf3 Nf6 5. Bd3 Bg4 6. 0-0 e6 7. Re1 Bd6 8. h3 Bxf3 9. Qxf3 Nc6 10. c3 h6 11. Nd2 Qb6 12. b4 a5 13. b5 Ne7 14. a4 0-0 15. Bb2 Qc7 16. c4 Bb4 17. Re2 Bxd2 18. Rxd2 dxc4 19. Rc2 Qd7 20. Rxc4 Rfc8 21. Rac1 Rxc4 22. Bxc4 Rc8 23. Qc3 b6 24. Qb3 Ned5 25. Qf3 Rc7 26. Qe2 Qc8 27. Qf1 Qd8 28. Re1 Qd6 29. Ra1 Qb4 30. Bxd5 Qxb2 31. Bc6 Qxd4 32. Rd1 Qxa4 33. Rd8+ Kh7 34. Qb1+ g6 35. Qd3 Qa1+ 36. Kh2 Qe5+ 37. g3 Qc5 38. Qf3 Qe7 39. Qd1 Nd5 40. Rb8 Qf6 41. Qd2 Qc3 42. Qxc3 Nxc3 43. Rxb6 Nd5 44. Rb8 Kg7 45. Ra8 Kf6 46. Rxa5 Ke5 47. Ra3 Kd6 48. Rb3 Nb6 49. Kg2 Ra7 50. g4 Ra4 51. Be8 Ke7 52. Bc6 Ra2 53. Kg3 Ra4 54. Bf3 Rd4 55. Rc3 Rc4 56. Ra3 Ra4 57. Rb3 Rc4 58. Be2 Ra4 59. Bd3 Kd7 60. f3 Nd5 61. b6 Rb4 62. Bb5+ Kc8 63. Rxb4 Nxb4 64. Be8 f5 65. Bxg6 fxg4 66. hxg4 Kb7 67. f4 Kxb6 68. Bf7 Kc7 69. Bxe6 Kd6 70. Bg8 Ke7 71. Kh4 Kf6 72. Kg3 Nc6 73. Kf3 Ne7 74. Bh7 Nc8 75. Bd3 Nd6 76. Ke3 Ne8 77. Kd4 Ke6 78. Bc4+ Kf6 79. Kd5 Nc7+ 80. Kd6 Ne8+ 81. Kd7 Ng7 82. Bd5 Kg6 83. Ke7 Nf5+ 84. Ke6 Ng7+ 85. Ke5 Ne8 86. Bc6 Nf6 87. Be4+ Kg7 88. Kf5 Nd7 89. Ke6 Nc5+ 90. Ke5 Nd7+ 91. Kd6 Nf6 92. Bf5 Ne8+ 93. Ke7 Nf6 94. Ke6 1-0

[Event "Bad Woerishofen Seniors op 19th"]
[Site "Bad Woerishofen"]
[Date "2003.03.19"]
[Round "7"]
[White "Harke, Horst"]
[Black "Hommann, Horst"]
[Result "1-0"]
[WhiteElo "1720"]
[BlackElo "1591"]
[PlyCount "95"]
[EventDate "2003.03.13"]
[EventType "swiss"]
[EventRounds "9"]
[EventCountry "GER"]
[SourceTitle "EXT 2004"]
[Source "ChessBase"]
[SourceDate "2003.11.25"]
[SourceVersion "1"]
[SourceVersionDate "2003.11.25"]
[SourceQuality "1"]

1. d4 Nf6 2. c4 e6 3. Nc3 Bb4 4. Qc2 d5 5. e3 0-0 6. Bd2 b6 7. cxd5 exd5 8. Bd3 Bb7 9. Nf3 h6 10. a3 Bd6 11. Nb5 Re8 12. Nxd6 cxd6 13. Rc1 Re7 14. 0-0 Nbd7 15. Qc7 Nf8 16. Qxd8 Rxd8 17. Nh4 g6 18. f3 Kg7 19. Rc2 Rdd7 20. Rfc1 a6 21. Kf2 Ne6 22. g3 Rc7 23. Rxc7 Rxc7 24. Rxc7 Nxc7 25. Ng2 a5 26. Ne1 Bc6 27. Nc2 Nfe8 28. e4 f6 29. Ne3 h5 30. h4 Bb7 31. Ng2 Ne6 32. Ke3 N8c7 33. g4 hxg4 34. fxg4 dxe4 35. Bxe4 Bxe4 36. Kxe4 Nb5 37. Be3 Nbc7 38. Nf4 d5+ 39. Nxd5 b5 40. Nxc7 Nxc7 41. d5 Ne8 42. Bf4 Kf7 43. Kd4 Ng7 44. Kc5 f5 45. gxf5 Nxf5 46. Kxb5 Ke7 47. Kxa5 Nxh4 48. Bg5+ 1-0

[Event "Bad Woerishofen Seniors op 19th"]
[Site "Bad Woerishofen"]
[Date "2003.03.14"]
[Round "2"]
[White "Schuler, Georg"]
[Black "Hommann, Horst"]
[Result "0-1"]
[WhiteElo "2115"]
[BlackElo "1591"]
[PlyCount "164"]
[EventDate "2003.03.13"]
[EventType "swiss"]
[EventRounds "9"]
[EventCountry "GER"]
[SourceTitle "EXT 2004"]
[Source "ChessBase"]
[SourceDate "2003.11.25"]
[SourceVersion "1"]
[SourceVersionDate "2003.11.25"]
[SourceQuality "1"]

1. c4 Nf6 2. Nc3 c5 3. g3 Nc6 4. Bg2 g6 5. Nf3 Bg7 6. 0-0 0-0 7. d4 cxd4 8. Nxd4 Nxd4 9. Qxd4 d6 10. e4 Nd7 11. Qd2 Ne5 12. b3 Qa5 13. Bb2 Bh3 14. Rfd1 Bxg2 15. Kxg2 Nc6 16. Nd5 Qxd2 17. Rxd2 Bxb2 18. Rxb2 Rad8 19. Rd1 Kg7 20. Rbd2 b6 21. f4 Rfe8 22. g4 h6 23. h4 Rc8 24. Kg3 f6 25. Ne3 Kf7 26. Rh2 Rh8 27. Rdh1 Kg7 28. h5 g5 29. fxg5 hxg5 30. Nf5+ Kh7 31. Rd1 Rcf8 32. Rf2 Rf7 33. a3 Rc8 34. Rfd2 Rc7 35. Ne3 Ne5 36. Rd5 Nd7 37. b4 Rf8 38. R5d4 Ne5 39. Nd5 Rb7 40. Rf1 Rf7 41. b5 Kh6 42. a4 Rb8 43. Ra1 Rc8 44. Ne3 Rc7 45. a5 bxa5 46. Rxa5 Rf8 47. Ra4 Rfc8 48. Nd5 Rb7 49. Ne3 Kh7 50. Kf2 Nd7 51. Ra3 Nc5 52. Kf3 Rbc7 53. Nd5 Rb7 54. Ke3 Ne6 55. Nxf6+ exf6 56. Rxd6 Re7 57. Raa6 Nc5 58. Rac6 Nxe4 59. Re6 Rce8 60. Rc7 Rxc7 61. Rxe8 Nd6 62. Re6 Nxc4+ 63. Kd4 Ne5 64. Rxf6 Nxg4 65. Rg6 Rg7 66. Re6 Nh6 67. b6 axb6 68. Rxb6 Nf5+ 69. Ke4 Ng3+ 70. Kf3 Nxh5 71. Kg4 Rg6 72. Rb1 Nf6+ 73. Kf5 g4 74. Rh1+ Rh6 75. Rg1 Kg7 76. Kf4 Kg6 77. Kg3 Kg5 78. Ra1 Rh3+ 79. Kg2 Kh4 80. Ra6 Nh5 81. Ra4 Rb3 82. Ra2 Nf4+ 0-1

[Event "Bad Woerishofen Seniors op 19th"]
[Site "Bad Woerishofen"]
[Date "2003.03.13"]
[Round "1"]
[White "Trnovec, Mihaly"]
[Black "Hommann, Horst"]
[Result "1-0"]
[WhiteElo "2029"]
[BlackElo "1591"]
[PlyCount "67"]
[EventDate "2003.03.13"]
[EventType "swiss"]
[EventRounds "9"]
[EventCountry "GER"]
[SourceTitle "EXT 2004"]
[Source "ChessBase"]
[SourceDate "2003.11.25"]
[SourceVersion "1"]
[SourceVersionDate "2003.11.25"]
[SourceQuality "1"]

1. e4 c6 2. c4 e5 3. Nc3 Nf6 4. Nf3 d6 5. h3 c5 6. d3 Nc6 7. g3 h6 8. Bg2 Bd7 9. 0-0 Be7 10. Ne1 Qc8 11. Kh2 Nd4 12. Ne2 Nxe2 13. Qxe2 g5 14. Nc2 Qc7 15. Ne3 0-0-0 16. a3 Kb8 17. b4 b6 18. Bd2 Be6 19. a4 Kc8 20. a5 Kd7 21. Bc3 Rb8 22. b5 Rhd8 23. Ra2 Ke8 24. Rfa1 Rb7 25. Nf5 Bf8 26. Qf3 Qd7 27. Nxh6 Bg7 28. Nf5 Kf8 29. Bd2 Nh7 30. Qh5 Kg8 31. Nxg7 Kxg7 32. Bxg5 Rh8 33. Bh6+ Kg8 34. axb6 1-0

[Event "GER-chT Seniors 09th"]
[Site "Halle"]
[Date "2000.08.21"]
[Round "2.4"]
[White "Hommann, Horst"]
[Black "Thielemann, Joachim"]
[Result "1/2-1/2"]
[WhiteElo "1650"]
[BlackElo "1881"]
[PlyCount "95"]
[EventDate "2000.08.20"]
[EventType "team"]
[EventRounds "7"]
[EventCountry "GER"]
[SourceTitle "EXT 2002"]
[Source "ChessBase"]
[SourceDate "2001.11.25"]
[SourceVersion "1"]
[SourceVersionDate "2001.11.25"]
[SourceQuality "1"]

1. Nf3 Nc6 2. d4 d5 3. g3 Nf6 4. Bg2 Bf5 5. a3 e6 6. 0-0 Be7 7. Nc3 Ne4 8. Bd2 0-0 9. Rc1 Bf6 10. e3 g5 11. Ne1 g4 12. f3 Nxd2 13. Qxd2 h5 14. f4 Kg7 15. Nd3 Rh8 16. Nc5 b6 17. N5a4 Qd7 18. b3 Rh6 19. Kf2 Rd8 20. Ne2 Na5 21. Nb2 c5 22. b4 Nb7 23. c3 c4 24. Qd1 Nd6 25. Rg1 Be7 26. Qa4 b5 27. Qd1 Be4 28. a4 a6 29. a5 Rf8 30. Bxe4 Nxe4+ 31. Kg2 f6 32. Qc2 e5 33. dxe5 fxe5 34. Rcd1 Qe6 35. Rgf1 Rhf6 36. Rde1 Qc6 37. Kg1 Bd6 38. Nd1 Bb8 39. fxe5 Rxf1+ 40. Rxf1 Rxf1+ 41. Kxf1 Bxe5 42. Nf4 Qf6 43. Kg1 Bxf4 44. exf4 Kf7 45. Kg2 Ke6 46. Qe2 Kd7 47. Qe3 Ke8 48. Kg1 1/2-1/2

[Event "GER-chT Seniors 09th"]
[Site "Halle"]
[Date "2000.08.20"]
[Round "1.4"]
[White "Ellinger, Hans"]
[Black "Hommann, Horst"]
[Result "1/2-1/2"]
[WhiteElo "2065"]
[BlackElo "1650"]
[PlyCount "101"]
[EventDate "2000.08.20"]
[EventType "team"]
[EventRounds "7"]
[EventCountry "GER"]
[SourceTitle "EXT 2002"]
[Source "ChessBase"]
[SourceDate "2001.11.25"]
[SourceVersion "1"]
[SourceVersionDate "2001.11.25"]
[SourceQuality "1"]

1. d4 Nf6 2. Nf3 e6 3. Bg5 Be7 4. Nbd2 d5 5. e3 b6 6. Ne5 Bb7 7. c3 0-0 8. Bd3 Ne4 9. Bxe7 Qxe7 10. 0-0 Nxd2 11. Qxd2 f6 12. Nf3 Nd7 13. Qc2 f5 14. Rae1 c5 15. Bb5 Nf6 16. Ne5 Rfc8 17. f4 c4 18. Qe2 a6 19. Ba4 Rc7 20. Rf2 b5 21. Bc2 Nd7 22. Nf3 Rf8 23. h3 Nf6 24. Ne5 Nd7 25. Ref1 Qe8 26. g4 Nxe5 27. fxe5 g6 28. g5 Rg7 29. Rg2 Bc6 30. h4 Qd8 31. Rf4 Be8 32. Qf2 Bf7 33. Qf3 Qe7 34. a3 Be8 35. Qg3 a5 36. Bd1 a4 37. Qf2 Bf7 38. Rf3 Qd8 39. Rh3 Be8 40. Qf4 Kf7 41. h5 Ke7 42. hxg6 Bxg6 43. Bh5 Rff7 44. Bxg6 Rxg6 45. Rh6 Qg8 46. Rxg6 hxg6 47. Rh2 Rh7 48. Rh6 Kf7 49. e4 Rxh6 50. gxh6 g5 51. Qh2 1/2-1/2